Entrepreneurship : (Record no. 65)
[ view plain ]
| 000 -LEADER | |
|---|---|
| fixed length control field | 00652cam a22002052 4500 |
| 001 - CONTROL NUMBER | |
| control field | 0000000195 |
| 005 - DATE AND TIME OF LATEST TRANSACTION | |
| control field | 20151021151040.0 |
| 008 - FIXED-LENGTH DATA ELEMENTS--GENERAL INFORMATION | |
| fixed length control field | 070116s xx 000 0 eng d |
| 020 ## - INTERNATIONAL STANDARD BOOK NUMBER | |
| International Standard Book Number | 0732939437 : |
| Terms of availability | KES 4,950 |
| 040 ## - CATALOGING SOURCE | |
| Original cataloging agency | KABU |
| Transcribing agency | KABU |
| 100 1# - MAIN ENTRY--PERSONAL NAME | |
| Personal name | Legge, John. |
| -- | 0000148285 |
| 245 10 - TITLE STATEMENT | |
| Title | Entrepreneurship : |
| Remainder of title | how innovators create the future / |
| Statement of responsibility, etc. | John Legge, Kevin Hindle. |
| 260 ## - PUBLICATION, DISTRIBUTION, ETC. (IMPRINT) | |
| Place of publication, distribution, etc. | Melbourne : |
| Name of publisher, distributor, etc. | Macmillan Educ., |
| Date of publication, distribution, etc. | 1997. |
| 300 ## - PHYSICAL DESCRIPTION | |
| Extent | xiv, 591 p. |
| 650 #0 - SUBJECT ADDED ENTRY--TOPICAL TERM | |
| Topical term or geographic name as entry element | Entrepreneurship |
| Geographic subdivision | Australia. |
| -- | 0000160868 |
| 700 1# - ADDED ENTRY--PERSONAL NAME | |
| Personal name | Hindle, Kevin. |
| -- | 0000160499 |
| 908 ## - PUT COMMAND PARAMETER (RLIN) | |
| Put command parameter | 070116 |
| 950 ## - LOCAL HOLDINGS (RLIN) | |
| -- | 1 |
| Withdrawn status | Lost status | Source of classification or shelving scheme | Not for loan | Home library | Current library | Date acquired | Total Checkouts | Full call number | Barcode | Date last seen | Price effective from | Koha item type |
|---|---|---|---|---|---|---|---|---|---|---|---|---|
| Library of Congress Classification | Kabarak, Nakuru City Campus | Kabarak, Nakuru City Campus | 21/10/2015 | HB615 .L44 | 005414 | 21/10/2015 | 21/10/2015 | General Collection |